Forest mensuration and statistics
| Main Author: | |
|---|---|
| Format: | Book |
| Published: |
New York :
Ronald Press ,
1963
|
| Subjects: |
MARC
| LEADER | 00000cam a2200000 7i4500 | ||
|---|---|---|---|
| 001 | 0000001061 | ||
| 005 | 20131215.0 | ||
| 090 | 0 | 0 | |a 634.9285 |b HUS 1963 |
| 100 | 1 | 0 | |a HUSCH |h Bertram |c 1923- |
| 245 | 1 | 0 | |a Forest mensuration and statistics |c Bertram Husch |
| 260 | 0 | 0 | |a New York : |b Ronald Press , |c 1963 |
| 300 | |a 474 p. : |b ill. ; |c 24 cm. | ||
| 500 | 0 | 0 | |a Bibliography.: [p. 455-467] and index |
| 650 | 0 | 0 | |a Forests and forestry |x Mensuration |
| 650 | 0 | 0 | |a Forests and forestry |x Statistics |
| 998 | |a JPSM | ||
| 999 | |a 0000002003 |b Audio Video |c Open Shelf |e Default branch | ||